000
00225nam a22001097a 4500
999
_c
262446
_d
262445
020
_a
0590402986
100
_a
Ann McGovern
245
_a
Stone Soup
260
_a
New York
_b
Scholastic
_c
1968
300
_a
32 pgs
942
_c
BK